ბათუმის შოთა რუსთაველის სახელმწიფო უნივერსიტეტის ბიბლიოთეკა

The Empty Museum : (ბიბ.ჩანაწერი № 63984)

000 -ლიდერი
ფიქსირებული სიგრძის საკონტროლო ველი 00637nam a22001937a 4500
003 - საკონტროლო ნომრის იდენტიფიკატორი
საკონტროლო ველი Ge_BSU
005 - ბოლო ოპერაციის თარიღი და დრო
საკონტროლო ველი 20260304111714.0
008 - ფიქსირებული სიგრძის მონაცემთა ელემენტები - ზოგადი ინფორმაცია
ფიქსირებული სიგრძის საკონტროლო ველი 260304s2010 enk||||| |||| 00| 0 eng d
020 ## - წიგნის საერთაშორისო სტანდარტული ნომერი
International Standard Book Number 9780754649540x
041 ## - ენის კოდი
Language code of text/sound track or separate title geo
080 ## - უნივერსალური ათობითი კლასიფიკაციის ინდექსი
Universal Decimal Classification number 069(520) M-85
100 ## - მთავარი ჩანაწერი - პიროვნების სახელი
Personal name Morishita, Masaaki
9 (RLIN) 27041
245 ## - ცნობა სათაურის შესახებ
Title The Empty Museum :
Remainder of title Western Cultures and the Artistic Field in Modern Japan /
Statement of responsibility, etc Masaaki Morishita.
264 ## - წარმოების, გამოცემის, დისტრიბუციის და სხვა ცნობები
გამოცემის, წარმოების, დისტრიბუციის... ადგილი London :
გამოცემის, წარმოების, დისტრიბუციის... სახელწოდება Routledge,
გამოცემის, წარმოების, დისტრიბუციის... თარიღი 2010.
300 ## - ფიზიკური აღწერა
Extent 150 p.;
Other physical details 24 sm.
653 ## - INDEX TERM--UNCONTROLLED
Uncontrolled term მუზეუმი იაპონიაში
653 ## - INDEX TERM--UNCONTROLLED
Uncontrolled term იაპონიის კულტურა
942 ## - ADDED ENTRY ELEMENTS (KOHA)
Source of classification or shelving scheme
Koha item type წიგნი
ეგზემპლარები
ჩამოწერის სტატუსი დაკარგული ეგზემპლარის სტატუსი კლასიფიკაციის წყარო ან თაროზე გაწყობის სქემა დაზიანების სტატუსი არ გაიცემა მუდმივი მდებარეობა (დაცვის ადგილი) ამჟამინდელი ადგილსამყოფელი თაროზე განთავსების ადგილი შეძენის თარიღი ღირებულება, შესყიდვის ნორმალური ფასი სრული შენახვის შიფრი შტრიხკოდი ბოლო ოპერაციის თარიღი ეგზემპლარის მიმდევრობითი ნომერი (კეტერი?) Uniform Resource Identifier ფასის ძალაში შესვლის თარიღი ეგზემპლარის სახეობა საჯარო შენიშვნა
          ბათუმის შოთა რუსთაველის სახელმწიფო უნივერსიტეტის მთავარი ბიბლიოთეკა ბათუმის შოთა რუსთაველის სახელმწიფო უნივერსიტეტის მთავარი ბიბლიოთეკა წიგნსაცავი 2026-03-04 12.00 069(520) M-85 73858 2026-03-04 73858 იაპონიის ელჩის საჩუქარ 2026-03-04 წიგნი 12 ლ.